000 00991nas a2200313 4500
001 BR0604098
003 BR-BrBNA
005 20231205110324.0
007 ta
008 230509b bl.|||p| |||| 00| 00por d
040 _aBR-BrBNA
_bpor
_cBiblioteca Nacional de Agricultura
041 _a(Pt)
072 _aF62
100 1 _aGarcia, L.C.
100 1 _aBarros, F. de V.
100 1 _aLemos Filho, J.P.
245 1 _aComportamento germinativo de duas espécies de canga ferrífera: Baccharis retusa DC. (Asteraceae)e Tibouchina multiflora Cogn. (Melastomataceae)
650 _aBACCHARIS
650 _aMELASTOMATACEAE
650 _aESPÉCIE
650 _aCOMPORTAMENTO DE VARIEDADE
650 _aSEMENTE
650 _aRADIAÇÃO LUMINOSA
650 _aTEMPERATURA
650 _aMINAS GERAIS
773 0 _tActa Botanica Brasilica (Brazil)
_xISSN 0102-3306
_g(Apr-Jun 2006), v. 20(2) p. 443-448
_wBR0604098
909 _a202311
_bLúcia
_c55
_dLúcia Elande
942 _2AGRIS
_n0
_cANA
999 _c186963
_d186963